| 000 | 00747nam a2200253 a 4500 | ||
|---|---|---|---|
| 001 | 27878 | ||
| 003 | BD-RJUL | ||
| 005 | 20211209051219.0 | ||
| 008 | 140327s1967 enkcfh b 001 0beng | ||
| 035 | _a(BD-RJUL)27958 | ||
| 040 |
_aDLC _cDLC _dm.c _beng |
||
| 041 | _aeng | ||
| 082 |
_a947.0842 _bDES 1967 |
||
| 100 | 1 |
_aDeutscher, Isaac, _d1907-1967. _910457 |
|
| 245 | 1 | 0 |
_aStalin : _ba political biography / _cI. Deutscher |
| 250 | _a2nd ed. | ||
| 260 |
_aNew York : _bOxford University Press, _c1967. |
||
| 300 |
_axix, 661 p. : _b15 plates (incl. ports., facsim.) ; _c22 1 /2 cm |
||
| 504 | _aIncludes index | ||
| 600 | 1 | 0 |
_aStalin, Joseph, _d1879-1953. _985518 |
| 830 | 0 |
_aGalaxy book _985519 |
|
| 942 |
_2ddc _cBK |
||
| 999 |
_c27878 _d27878 |
||